| 000 | 00355nam a2200145Ia 4500 | ||
|---|---|---|---|
| 008 | 130318s9999 xx 000 0 und d | ||
| 020 | _a446678783 | ||
| 082 | _a658.409 WEL/J | ||
| 100 | _aWelch, Jack | ||
| 245 | _aStraight from the gut | ||
| 260 |
_bWarner books _aUSA _c2001 |
||
| 300 | _a479 | ||
| 650 | _aEXECUTIVE MANAGEMENT | ||
| 700 | _aByrne, John A | ||
| 999 |
_c382 _d382 |
||